000 01587cam a2200361 4500
001 1814159665
003 DE-627
005 20240312131639.0
007 tu
008 220810s2021 gw ||||| 00| ||ger c
015 _a22,B32
_2dnb
016 7 _a1253289123
_2DE-101
035 _a(DE-627)1814159665
035 _a(DE-599)DNB1253289123
040 _aDE-627
_bger
_cDE-627
_erda
_dDE-3950
041 _ager
_apol
044 _cXA-DE
082 0 4 _a370
_qDE-101
245 1 0 _a30 Jahre Europa-Universität Viadrina :
_bunsere Geschichte in Bildern = 30 lat Uniwersytetu Europejskiego Viadrina : nasza historia na zdjęciach
246 1 _iAbweichender Titel
_a30 lat Uniwersytetu Europejskiego Viadrina, nasza historia na zdjęciach
246 3 1 _a30 lat Uniwersytetu Europejskiego Viadrina
_bnasza historia na zdjęciach
264 1 _aFrankfurt (Oder):
_bEuropa-Universität Viadrina Frankfurt (Oder),
_cOktober 2021
300 _acirca 220 ungezählte Seiten:
_bIllustrationen
_c15 x 21 cm
336 _aText
_btxt
_2rdacontent
337 _aohne Hilfsmittel zu benutzen
_bn
_2rdamedia
338 _aBand
_bnc
_2rdacarrier
610 2 7 _0(DE-588)5059953-7
_0(DE-627)121112942
_0(DE-576)194262065
_aEuropa-Universität Viadrina Frankfurt (Oder)
_2gnd
648 7 _aGeschichte 1991-2021
_2gnd
655 7 _aFestschrift
_0(DE-588)4016928-5
_0(DE-627)104400986
_0(DE-576)208917802
_2gnd-content
710 2 _aEuropa-Universität Viadrina Frankfurt (Oder)
_eHerausgebendes Organ
_eGefeierteR
_0(DE-588)5059953-7
_0(DE-627)121112942
_0(DE-576)194262065
_4isb
_4hnr
942 _2z
_cB
951 _aBO
999 _c373026
_d373026